Widok standardowy
Widok MARC
Pozycja Personal Name
Liczba rekordów, w których użyto hasła: 1
001 - Numer kontrolny
- control field: 40770
003 - Identyfikator numeru kontrolnego
- control field: NUKAT
005 - Data i czas ostatniej modyfikacji
- control field: 20260428104736.0
008 - Dane kontrolne kodowane (40 znaków)
- fixed length control field: 200528n||azznnbabn |a aaa |c
010 ## - Numer kontrolny Biblioteki Kongresu
- numer kontrolny LC: p 2020066158
024 7# - OTHER STANDARD IDENTIFIER
- Standard number or code: 32159234107603370868
- Source of number or code: viaf
035 ## - Numer systemowy
- numer systemowy: (PL)a1000000774880
040 ## - Instytucja sporządzająca rekord
- inst. przygot. dane do rek. khw: WA N
- język haseł przedmiotowych/tezaurus: DBN
- inst. wprow. rek. khw: WA N
100 3# - Hasło - nazwa osobowa
- nazwa osobowa w formie ujednoliconej: Artwińscy
- dopowiedzenie inne niż daty biograficzne: (rodzina)
368 ## - Other Attributes
- Other designation: Rodzina
400 3# - Trop zob. - nazwa osobowa
- nazwa osobowa (nazwisko, imiona): Artwiński
- dopowiedzenia inne niż daty biograficzne: (rodzina)
670 ## - Źródło informacji
- źródło informacji: Korespondencja rodziny Artwińskich (1889-1983) / wstęp, wybór i opracowanie Paweł Wolańczyk. - Kielce ; Warszawa, 2020.